000 00695cam a22002533a 4500
001 25517
003 PGUSA
005 20140828083540.0
008 080518s2008||||xxu|||||s|||||000 | eng d
040 _aPGUSA
_beng
042 _adc
050 4 _aB
100 1 _aWang, Yangming,
_d1472-1529
245 1 0 _a傳習錄
_h[electronic resource] /
_cYangming Wang
260 _bProject Gutenberg,
_c2008
506 _aPublic domain in the USA.
516 _aElectronic text
653 _aNeo-Confucianism -- China
653 _aPhilosophy, Chinese -- 960-1644
740 0 _aChuan xi lu
830 0 _aProject Gutenberg
_v25517
856 4 0 _uhttp://www.gutenberg.org/ebooks/25517
942 _cEB
999 _c254772
_d254772